All WW2 Tanks - Statistics

General Stats
  • This quiz has been taken 663 times
    655 since last reset
  • The average score is 38 of 151
Answer Stats
Country of Origin Name
Number Built
Type % Correct
Germany Panzerkampfwagen III 5,774 Medium tank
87%
Germany Tiger I 1,347 Heavy tank
87%
Germany Tiger II 489 Heavy tank
87%
Germany Panzerkampfwagen V 5,984 Medium tank
86%
Germany Panzerkampfwagen II 1,856 Light tank
85%
Germany Panzerkampfwagen IV 8,553 Medium tank
85%
United States M4 Sherman 49,000~ Medium tank
84%
Germany Panzerkampfwagen I 1,659 Light tank
83%
Germany Panzerkampfwagen VIII 2 Prototype super-Heavy tank
80%
Soviet Union T-34 58,243 Medium tank
80%
Soviet Union KV-1 3,015 Heavy tank
64%
Soviet Union KV-2 334 Heavy tank
63%
United Kingdom Mk.IV Churchill (A22) 5,460 Heavy tank
62%
Soviet Union IS-2 3,854 Heavy tank
58%
Soviet Union IS-1 207 Heavy tank
56%
United States M6 40 Prototype heavy tank
56%
United States M1 116 Light tank
55%
Soviet Union IS-3 350 heavy tank
53%
United States M3 Lee 7,533 Medium tank
52%
United States M3 Stuart/M5 22,743 Light tank
52%
Soviet Union T-26 11,218 Light tank
52%
Soviet Union T-28 647 Medium tank
49%
United Kingdom Mk. I Matilda I (A11) 140 Medium tank
46%
United Kingdom Mk.VI Crusader (A15) 5,300 Medium tank
44%
Soviet Union T-50 65 Light tank
42%
Soviet Union T-60 5,839 Light tank
42%
Soviet Union T-35 59 Heavy tank
41%
Soviet Union BT-5 1,884 Light tank
40%
Soviet Union BT-7 5,556 Light tank
40%
United States M26 Pershing 2,202 Heavy tank
40%
Soviet Union T-44 350 Medium tank
40%
Soviet Union T-70 8,231 Light tank
40%
Czechoslovakia LT vz 38(Panzer 38(t)) 1,414 Light tank
39%
Soviet Union T-40 ~60 Amphibious tank
39%
United Kingdom Mk VIII Cromwell (A27M) 4,016 Medium tank
37%
Japan Type 95 Ha-Go 2,300 Light tank
36%
Soviet Union T-30 500~ Light tank
35%
United States T30 2 Prototype heavy tank
35%
Japan Type 94 823 Tankette
33%
New Zealand Bob semple 4 Prototype light tank
32%
France Char B1 405 Heavy tank
32%
Japan Type 3 Chi-Nu 150~ Medium tank
32%
United Kingdom Comet I (A34) 1,200 Medium tank
31%
Czechoslovakia LT vz 35 (Panzer 35(t))(R2) 434 Light tank
31%
Soviet Union T-38 1,340 Amphibious tank
30%
Japan Type 1 Chi-He 170 Medium tank
30%
Japan Type 4 Chi-To 2 Medium tank
30%
United Kingdom Mk.I/II/III 118 Light tank
29%
United Kingdom Mk.III Valentine 8,275 Medium tank
29%
Japan Type 97 Chi-Ha 1,162 Medium tank
29%
Soviet Union BT-2 650 Light tank
27%
United States T29 2 Prototype heavy tank
27%
United States T32 2~ Prototype heavy tank
27%
United States M22 Locust 830 Airborne Light tank
26%
United Kingdom Mk. II Matilda II (A12) 2,987 Medium tank
26%
Soviet Union KV-85 130 Heavy tank
25%
United States M24 Chaffee 4,731 Light tank
24%
Poland TKS 284 Tankette
24%
Soviet Union T-27 2,540 Tankette
23%
Japan Type 5 Ke-Ho 1 Prototype light tank
23%
Japan Type 98 Ke-Ni 104 Light tank
23%
France Renault FT 3,000 Light tank
22%
Soviet Union T-43 1 Prototype medium tank
22%
Hungary 40M Turán 424 Medium tank
21%
United Kingdom Mk VIII Challenger (A30) 296 Medium tank
21%
Italy P26/40 103 Heavy tank
21%
Japan Type 2 Ke-To 34 Light tank
21%
Japan Type 4 Ke-Nu 100 Light tank
21%
Poland 7TP 162 Light tank
20%
United States M7 7 Medium tank
20%
Canada Ram 2,993 Medium tank
20%
France Renault R35 1,695 Light tank
20%
France SOMUA S35 440 Medium tank
19%
Japan Type 89 Chi-Ro 404 Medium tank
19%
United Kingdom Centurion I (A41) 6~ Prototype medium tank
18%
United Kingdom Mk.III/IV/V (A13) 2,860 Medium tank
18%
United Kingdom Mk.V 22 Light tank
18%
United Kingdom Mk VII Tetrarch 177 Light tank
18%
United States T14 2 Prototype heavy tank
18%
Australia Sentinel 65 Medium tank
17%
Soviet Union T-18 126 Light tank
17%
Poland 10TP 1 Prototype light tank
16%
United Kingdom Black Prince (A43) 6 Protoype medium tank
16%
United Kingdom Mk. IV 34 Light tank
16%
United Kingdom Mk.VI 1,682 Light tank
16%
Japan Type 1-2 Ka-Mi 183~ Amphibious tank
16%
United Kingdom A20 2 Prototype heavy tank
15%
France Char 2C 10 Heavy tank
15%
France Hotchkiss H35 1,100~ Light tank
15%
United Kingdom Mk.VII Cavalier (A24) 500 Medium tank
14%
United Kingdom TOG II 2 Prototype super heavy tank
14%
Japan Type 92 167 Tankette
14%
Hungary 38M Toldi 202 Light tank
13%
France ARL 44 1 prototype heavy tank
13%
France Char D2 100 Medium tank
13%
Canada Grizzly I 188 Medium tank
13%
Soviet Union IS-6 2 Prototype heavy tank
13%
Italy M13/40 1,740 Medium tank
13%
Soviet Union T-100 2 Prototype heavy tank
13%
France Char D1 160 Light tank
12%
Italy L3/35 2,318 Tankette
12%
United Kingdom TOG I 1 Prototype super heavy tank
12%
Germany VK 4501 1 Heavy tank
12%
Poland 9TP 11 light tank
11%
Soviet Union Antonov A-40 1 Prototype gliding light tank
11%
France FCM 36 100 Light tank
11%
Soviet Union SMK 1 Prototype heavy tank
11%
Poland TK-3 280 Tankette
11%
Poland 4TP 1 Prototype light tank
10%
Australia AC4 1 prototype Medium tank
10%
Italy L6/40 283 Light tank
10%
United Kingdom Mk. VIII Harry Hopkins (A25) 100 Light tank
10%
Australia Thunderbolt 1 Prototype Medium tank
10%
Japan Type 3 Ka-Chi 19 Amphibious tank
10%
United Kingdom Valiant (A38) 1 Protoype medium tank
10%
France AMC 35 57 Light tank
9%
France AMX M4 1 prototype heavy tank
9%
Germany Leichttraktor 4 Prototype Light tank
9%
United States M2 Light tank 698 Light tank
9%
United Kingdom Mk. I (A9) 125 Medium tank
9%
United Kingdom Mk. II (A10) 175 Medium tank
9%
France Renault R40 130 Light tank
9%
Italy M11/39 100 Medium tank
8%
Germany Neubaufahrzeug 5 Prototype medium tank
8%
Germany VK 3002(DB) 1 Prototype medium tank
8%
France AMC 34 12 Light tank
7%
France AMR 35 200 Light tank
7%
Italy M16/43 1 Prototype medium tank
7%
United States M2 Medium tank 112 Medium tank
7%
Argentina Nahuel DL 43 16 Medium tank
7%
Japan Type 97 Te-Ke 616 Tankette
7%
France AMR 33 123 Light tank
6%
Italy Fiat 3000 170~ Light tank
6%
Soviet Union KV-13 3 Prototype heavy tank
6%
Czechoslovakia AH-IV(R1) 242 Tankette
5%
United Kingdom Carden-Loyd 450 Tankette
5%
Czechoslovakia Tančík vz. 33 74 Tankette
5%
Czechoslovakia LT vz. 34 51 Light tank
4%
New Zealand Schofield 1 Prototype light tank
4%
United States T34 Heavy Tank 2 Prototype heavy tank
4%
Soviet Union T-37A 1,200~ Amphibious tank
4%
Japan Type 98 Chi-Ho 4 Prototype medium tank
4%
United Kingdom Vickers 6-ton 1,939 Light tank
4%
Australia Australian experimental light tank "Chassis 160" 2 Protoype light tank
3%
France Char G1 5 Medium tank
3%
Poland PZInż 130 1 Prototype Amphibious tank
3%
Czechoslovakia Š-I-D (T-32) 8 Tankette
3%
Japan Type 5 To-Ku 1 Prototype amphibious tank
3%
United States Marmon-Herrington CTLS 875 Light tank
2%
Soviet Union PPG 1 Prototype tankette
2%
Soviet Union PT-1 1 Prototype light tank
2%
No matching quizzes found
Score Distribution
Percent of People with Each Score
Percentile by Number Answered
Your Score History
You have not taken this quiz since the last reset